| 000 | 01211cam a2200337 a 4500 | ||
|---|---|---|---|
| 001 | 15182650 | ||
| 003 | OSt | ||
| 005 | 20170105113037.0 | ||
| 008 | 080215s2009 nyua 001 0 eng | ||
| 010 | _a 2008007412 | ||
| 020 | _a9780073529387 (hard copy : alk. paper) | ||
| 020 | _a0073529389 (hard copy : alk. paper) | ||
| 020 | _a9780077221409 (set) | ||
| 020 | _a0077221400 (set) | ||
| 035 | _a(OCoLC)ocn192134588 | ||
| 035 | _a(OCoLC)192134588 | ||
| 040 |
_aDLC _cDLC _dYDX _dBTCTA _dYDXCP _dBAKER _dDLC |
||
| 050 | 0 | 0 |
_aTA405 _b.B39 2009 |
| 082 | 0 | 0 |
_a620.1/123 _222 |
| 245 | 0 | 0 |
_aMechanics of materials / _cFerdinand P. Beer ... [et al.]. |
| 250 | _a5th ed. | ||
| 260 |
_aNew York : _bMcGraw-Hill Higher Education, _cc2009. |
||
| 300 |
_axix, 790 p. : _bill. ; _c27 cm. |
||
| 500 | _aIncludes index. | ||
| 650 | 0 |
_aStrength of materials _vTextbooks. |
|
| 700 | 1 |
_aBeer, Ferdinand P. _q(Ferdinand Pierre), _d1915-2003. |
|
| 856 | 4 | 1 |
_3Table of contents only _uhttp://www.loc.gov/catdir/toc/ecip0811/2008007412.html |
| 906 |
_a7 _bcbc _corignew _d1 _eecip _f20 _gy-gencatlg |
||
| 942 |
_2ddc _cBK |
||
| 999 |
_c32110 _d32110 |
||